00928cam a2200229 a 4500001000500000005001700005020001700022040002300039050001500062082001200077100002400089245018500113260003700298300003900335490003000374500002900404505000800433520018500441521002000626521002000646700003200666146220230908150032.0 a090129003990 aDLCcDLCdDLCbeng00aPZ7.O8116700aFic2221 aOsborne, Mary Pope.10aAmerican Revolution :ba nonfiction companion to Magic tree house #22 : Revolutionary War on Wednesday /cby Mary Pope Osborne and Natalie Pope Boyce ; illustrated by Sal Murdocca. aNew York :bRandom House,c2011. a69 pages :billustrations ;c20 cm aMagic Tree HousevBook 22 a"A stepping stone book." aI  aUsing their magic tree house, Jack and Annie travel back to the time of the American Revolution and help General George Washington during his famous crossing of the Delaware River. a450 bLexile  aI bRaz-Plus 1 aMurdocca, Sal.eillustrator